[Event "1. Bundesliga 2013/2014"]
[Site "Jenbach, Wolfsberg, St. Veit/Glan"]
[Date "2014.02.01"]
[Round "6"]
[Board "3"]
[White "Bindrich, Falko"]
[Black "Buhmann, Rainer"]
[Result "1-0"]
[WhiteElo "2591"]
[BlackElo "2580"]
[PlyCount "77"]
[EventDate "2013.12.06"]
[EventType "team"]
[EventRounds "11"]
[EventCountry "AUT"]
[WhiteTeam "SK Hohenems"]
[BlackTeam "Schachclub MPOE Maria Saal I"]

1. c4 e6 2. g3 Nf6 3. Bg2 d5 4. Nf3 Be7 5. d4 O-O 6. O-O c6 7. Nc3 b6 8. Nd2
Ba6 9. b3 Nbd7 10. e4 dxc4 11. Nxc4 b5 12. Ne3 b4 13. Ne2 Nb6 14. Re1 Rc8 15.
Bb2 Re8 16. Rc1 Bf8 17. Nf4 c5 18. d5 exd5 19. exd5 g6 20. Bh3 Ra8 21. Qf3 Ne4
22. Ne6 Ng5 23. Nxg5 Qxg5 24. Bf6 Qh6 25. Bg2 Nd7 26. d6 Rab8 27. Nd5 Bb7 28.
Be7 Bg7 29. Rcd1 Bd4 30. Qg4 f5 31. Qe2 Qg7 32. Nc7 Bxg2 33. Nxe8 Rxe8 34. Kxg2
Qf7 35. Qf3 Nb6 36. Qc6 f4 37. f3 fxg3 38. hxg3 Rc8 39. Qxc8+ 1-0

[Event "1. Bundesliga 2013/2014"]
[Site "Jenbach, Wolfsberg, St. Veit/Glan"]
[Date "2014.02.01"]
[Round "6"]
[Board "4"]
[White "Schachinger, Mario"]
[Black "Breder, Dennis"]
[Result "1/2-1/2"]
[WhiteElo "2398"]
[BlackElo "2478"]
[PlyCount "63"]
[EventDate "2013.12.06"]
[EventType "team"]
[EventRounds "11"]
[EventCountry "AUT"]
[WhiteTeam "Schachclub MPOE Maria Saal I"]
[BlackTeam "SK Hohenems"]

1. d4 d5 2. c4 c6 3. Nf3 e6 4. g3 dxc4 5. Bg2 b5 6. O-O Bb7 7. Qc2 Nf6 8. Nbd2
Nbd7 9. b3 cxb3 10. Nxb3 Qb6 11. Ne1 Be7 12. Nd3 a5 13. Nbc5 Rc8 14. Bg5 Nxc5
15. Nxc5 h6 16. Bxf6 Bxf6 17. Nxb7 Qxb7 18. Rac1 O-O 19. Qc5 Rc7 20. Bxc6 Qb8
21. Qxb5 Qxb5 22. Bxb5 Rxc1 23. Rxc1 Bxd4 24. e3 Bb2 25. Rc7 Rb8 26. a4 Ba3 27.
Kg2 h5 28. h4 g6 29. Kf3 Rd8 30. Ke2 Bb4 31. Bd7 Kf8 32. Rc8 1/2-1/2

[Event "1. Bundesliga 2013/2014"]
[Site "Jenbach, Wolfsberg, St. Veit/Glan"]
[Date "2014.02.01"]
[Round "6"]
[Board "5"]
[White "Froewis, Georg"]
[Black "Kreisl, Robert"]
[Result "1/2-1/2"]
[WhiteElo "2430"]
[BlackElo "2435"]
[PlyCount "49"]
[EventDate "2013.12.06"]
[EventType "team"]
[EventRounds "11"]
[EventCountry "AUT"]
[WhiteTeam "SK Hohenems"]
[BlackTeam "Schachclub MPOE Maria Saal I"]

1. Nf3 Nf6 2. c4 g6 3. Nc3 d5 4. d4 Bg7 5. h4 dxc4 6. e4 c5 7. d5 O-O 8. Bxc4
b5 9. Bxb5 Nxe4 10. Nxe4 Qa5+ 11. Nc3 Bxc3+ 12. bxc3 Qxb5 13. h5 Qc4 14. hxg6
fxg6 15. Rh4 Qxc3+ 16. Bd2 Qd3 17. Bg5 Qxd1+ 18. Rxd1 Rf5 19. Re4 Bb7 20. Rxe7
Bxd5 21. Re8+ Kf7 22. Re7+ Kg8 23. Re8+ Kf7 24. Re7+ Kg8 25. Re8+ 1/2-1/2

[Event "1. Bundesliga 2013/2014"]
[Site "Jenbach, Wolfsberg, St. Veit/Glan"]
[Date "2014.02.01"]
[Round "6"]
[Board "6"]
[White "Kaspret, Guido"]
[Black "Novkovic, Milan"]
[Result "1/2-1/2"]
[WhiteElo "2298"]
[BlackElo "2380"]
[PlyCount "96"]
[EventDate "2013.12.06"]
[EventType "team"]
[EventRounds "11"]
[EventCountry "AUT"]
[WhiteTeam "Schachclub MPOE Maria Saal I"]
[BlackTeam "SK Hohenems"]

1. c4 e6 2. Nf3 d5 3. g3 Nf6 4. Bg2 c6 5. b3 a5 6. O-O a4 7. bxa4 Qa5 8. d3
Nbd7 9. cxd5 Nxd5 10. e4 N5f6 11. Bd2 Qxa4 12. Nc3 Qxd1 13. Rfxd1 Ba3 14. Rab1
Nc5 15. Bf1 O-O 16. Ne5 Ncd7 17. Nxd7 Nxd7 18. d4 Nf6 19. e5 Nd5 20. Bc4 Nxc3
21. Bxc3 Rd8 22. Rd2 Ra7 23. Bb3 Kf8 24. h4 h5 25. Bd1 g6 26. Bb3 Ke8 27. Kh2
b5 28. Rdd1 Bb7 29. Kg1 Ba8 30. Kf1 Rc8 31. Ke2 Rd8 32. f3 Ke7 33. Bd2 Ke8 34.
Bg5 Be7 35. Bxe7 Kxe7 36. Rbc1 Ra6 37. Rc5 Ra7 38. Ke3 Ra6 39. Rd2 Ra3 40. g4
Rh8 41. Rh2 Bb7 42. Kd3 Raa8 43. Kc3 Rh7 44. g5 Rhh8 45. Kb4 Rhb8 46. Re2 Ra6
47. Re4 Bc8 48. Rf4 Bd7 1/2-1/2

[Event "1. Bundesliga 2013/2014"]
[Site "Jenbach, Wolfsberg, St. Veit/Glan"]
[Date "2014.02.01"]
[Round "6"]
[Board "1"]
[White "Kuljasevic, Davorin"]
[Black "Kozul, Zdenko"]
[Result "0-1"]
[WhiteElo "2567"]
[BlackElo "2586"]
[PlyCount "98"]
[EventDate "2013.12.06"]
[EventType "team"]
[EventRounds "11"]
[EventCountry "AUT"]
[WhiteTeam "SV Jacques Lemans St. Veit"]
[BlackTeam "SV Wolfsberg"]

1. d4 Nf6 2. c4 g6 3. Nc3 Bg7 4. e4 d6 5. Nf3 O-O 6. Be2 e5 7. O-O c6 8. Re1
Na6 9. Bf1 Bg4 10. d5 c5 11. Be2 Kh8 12. Bg5 Qb6 13. Qd2 Bxf3 14. Bxf3 Ng8 15.
Be2 f5 16. exf5 gxf5 17. g3 Nb8 18. Be3 Nd7 19. f3 Qd8 20. Rf1 a6 21. Kh1 Ndf6
22. g4 Ne7 23. Rg1 Qd7 24. Rg2 Rae8 25. Rag1 f4 26. Bf2 e4 27. fxe4 Ng6 28. Bf3
Qe7 29. g5 Nd7 30. h4 Nge5 31. Bh5 Nxc4 32. Qe2 Nce5 33. Rh2 Rc8 34. Nb1 c4 35.
Bd4 b5 36. Nd2 Nc5 37. Rf1 Ned3 38. Bxg7+ Qxg7 39. Nb1 Qe5 40. Bf3 Rce8 41. Nc3
b4 42. Nd1 Nxe4 43. Bxe4 Qxe4+ 44. Qxe4 Rxe4 45. Rh3 Rfe8 46. Rhf3 Re1 47. Kh2
R8e2+ 48. Kh3 Rxf1 49. Rxf1 Rd2 0-1

[Event "1. Bundesliga 2013/2014"]
[Site "Jenbach, Wolfsberg, St. Veit/Glan"]
[Date "2014.02.01"]
[Round "6"]
[Board "3"]
[White "Bosiocic, Marin"]
[Black "Jovanovic, Zoran"]
[Result "1/2-1/2"]
[WhiteElo "2554"]
[BlackElo "2548"]
[PlyCount "83"]
[EventDate "2013.12.06"]
[EventType "team"]
[EventRounds "11"]
[EventCountry "AUT"]
[WhiteTeam "SV Jacques Lemans St. Veit"]
[BlackTeam "SV Wolfsberg"]

1. d4 d6 2. Nf3 g6 3. e4 Nf6 4. Bd3 Bg7 5. O-O O-O 6. c3 Nbd7 7. Re1 e5 8. Bg5
h6 9. Bh4 g5 10. Bg3 Nh5 11. Nbd2 Nxg3 12. hxg3 exd4 13. cxd4 c5 14. Nb3 cxd4
15. Rc1 Qb6 16. Bb1 Nc5 17. Nbxd4 Re8 18. Qd2 Bg4 19. Rc4 a5 20. Qc2 Rad8 21.
Re3 Kf8 22. Kh2 Bd7 23. a3 Rc8 24. Ba2 Qd8 25. e5 dxe5 26. Nf5 Bxf5 27. Qxf5
Qd7 28. Qc2 b6 29. b4 axb4 30. axb4 Nb7 31. Rxc8 Qxc8 32. Rc3 Qd8 33. Rc7 Nd6
34. Qc6 Re7 35. Rxe7 Kxe7 36. Qd5 e4 37. Nd2 Qe8 38. Nxe4 Nxe4 39. Qxe4+ Kf8
40. Qf5 Ba1 41. b5 Qe7 42. Bd5 1/2-1/2

[Event "1. Bundesliga 2013/2014"]
[Site "Jenbach, Wolfsberg, St. Veit/Glan"]
[Date "2014.02.01"]
[Round "6"]
[Board "4"]
[White "Steflitsch, Erich"]
[Black "Rogic, Davor"]
[Result "1/2-1/2"]
[WhiteElo "2355"]
[BlackElo "2560"]
[PlyCount "81"]
[EventDate "2013.12.06"]
[EventType "team"]
[EventRounds "11"]
[EventCountry "AUT"]
[WhiteTeam "SV Wolfsberg"]
[BlackTeam "SV Jacques Lemans St. Veit"]

1. d4 d5 2. c4 c6 3. Nf3 Nf6 4. Nc3 e6 5. Bg5 Nbd7 6. e3 Qa5 7. cxd5 Nxd5 8.
Qd2 Bb4 9. Rc1 b6 10. Bd3 Nxc3 11. bxc3 Ba3 12. Rd1 Ba6 13. O-O O-O 14. e4 Bxd3
15. Qxd3 Rfe8 16. e5 c5 17. d5 exd5 18. Qxd5 Nf8 19. Be7 Ne6 20. Ng5 Nxg5 21.
Bxg5 Bb2 22. Bd8 Rb8 23. Qd6 Ra8 24. Qd5 Rb8 25. Qd7 Rf8 26. e6 fxe6 27. Qxe6+
Kh8 28. Qd6 Rbxd8 29. Qxd8 Rg8 30. Rfe1 Bxc3 31. Re8 Qxa2 32. Rxg8+ Qxg8 33.
Qe7 Bd4 34. Rd3 h6 35. Rf3 Bf6 36. Qd7 Qc4 37. g3 Qc2 38. Qe8+ Kh7 39. Rxf6
gxf6 40. Qf7+ Kh8 41. Qf8+ 1/2-1/2

[Event "1. Bundesliga 2013/2014"]
[Site "Jenbach, Wolfsberg, St. Veit/Glan"]
[Date "2014.02.01"]
[Round "6"]
[Board "5"]
[White "Mazi, Leon"]
[Black "Hresc, Vladimir"]
[Result "0-1"]
[WhiteElo "2351"]
[BlackElo "2409"]
[PlyCount "74"]
[EventDate "2013.12.06"]
[EventType "team"]
[EventRounds "11"]
[EventCountry "AUT"]
[WhiteTeam "SV Jacques Lemans St. Veit"]
[BlackTeam "SV Wolfsberg"]

1. e4 e5 2. Nf3 Nf6 3. Nxe5 d6 4. Nf3 Nxe4 5. Nc3 Nxc3 6. dxc3 Nc6 7. Be3 Be7
8. Qd2 Be6 9. Be2 h6 10. c4 Bf6 11. O-O-O Qe7 12. Nd4 Nxd4 13. Bxd4 O-O 14.
Rhe1 Rad8 15. Bf3 Bxd4 16. Qxd4 Qg5+ 17. Kb1 b6 18. Bd5 Bxd5 19. cxd5 Rfe8 20.
h4 Qh5 21. a3 a5 22. g3 Qf3 23. Ka2 Re5 24. Rxe5 dxe5 25. Qd2 a4 26. Kb1 b5 27.
Kc1 Rd6 28. Qa5 c6 29. Rd3 Qxf2 30. dxc6 Qf1+ 31. Kd2 Rxd3+ 32. cxd3 Qg2+ 33.
Kc3 Qxc6+ 34. Kb4 Qd6+ 35. Kxb5 Qxd3+ 36. Kxa4 e4 37. Qc3 Qxc3 0-1

[Event "1. Bundesliga 2013/2014"]
[Site "Jenbach, Wolfsberg, St. Veit/Glan"]
[Date "2014.02.01"]
[Round "6"]
[Board "6"]
[White "Reichmann, Egon"]
[Black "Hebesberger, Thomas"]
[Result "1/2-1/2"]
[WhiteElo "2254"]
[BlackElo "2356"]
[PlyCount "60"]
[EventDate "2013.12.06"]
[EventType "team"]
[EventRounds "11"]
[EventCountry "AUT"]
[WhiteTeam "SV Wolfsberg"]
[BlackTeam "SV Jacques Lemans St. Veit"]

1. e4 d6 2. d4 g6 3. Nc3 Bg7 4. h3 a6 5. a4 b6 6. g3 c5 7. Nge2 Nd7 8. Bg2 Rb8
9. O-O Ngf6 10. Be3 O-O 11. g4 cxd4 12. Bxd4 h6 13. Qd2 Bb7 14. Rfe1 Nc5 15.
Bxf6 Bxf6 16. Qxh6 b5 17. axb5 axb5 18. Rab1 e6 19. Qe3 b4 20. Na2 Qa5 21. Nac1
Rfc8 22. Nd3 Nxd3 23. cxd3 Qa2 24. f4 Rc2 25. f5 exf5 26. gxf5 Rxb2 27. Rxb2
Qxb2 28. fxg6 fxg6 29. Qg3 Qe5 30. Qxg6+ Bg7 1/2-1/2

[Event "1. Bundesliga 2013/2014"]
[Site "Jenbach, Wolfsberg, St. Veit/Glan"]
[Date "2014.02.02"]
[Round "7"]
[Board "1"]
[White "Kozul, Zdenko"]
[Black "Baumegger, Siegfried"]
[Result "1/2-1/2"]
[WhiteElo "2586"]
[BlackElo "2476"]
[PlyCount "111"]
[EventDate "2013.12.06"]
[EventType "team"]
[EventRounds "11"]
[EventCountry "AUT"]
[WhiteTeam "SV Wolfsberg"]
[BlackTeam "tschaturanga"]

1. d4 Nf6 2. Nf3 d5 3. c4 e6 4. Nc3 Nbd7 5. e3 Be7 6. b3 O-O 7. Bb2 b6 8. cxd5
exd5 9. Bd3 Bb7 10. O-O a6 11. Ne5 c5 12. Nxd7 Nxd7 13. Bf5 Bc6 14. dxc5 Nxc5
15. Qd2 Bf6 16. Rfd1 Qe7 17. Nxd5 Bxd5 18. Bxf6 Qxf6 19. Qxd5 Rad8 20. Qf3 Qb2
21. g3 g6 22. Be4 Rxd1+ 23. Rxd1 Nxe4 24. Qxe4 Qxa2 25. Qb4 b5 26. Kg2 Qc2 27.
Rd5 Re8 28. Rd6 Qc7 29. Qf4 Qb7+ 30. Qf3 Qxf3+ 31. Kxf3 Rc8 32. h4 h5 33. Rxa6
Rc3 34. Rb6 Rxb3 35. Kf4 Kg7 36. e4 Rb2 37. f3 Rb4 38. Rb7 Kf6 39. Rb8 Kg7 40.
Rb6 Kh6 41. g4 hxg4 42. Kxg4 Rb1 43. Rb7 Kg7 44. e5 Re1 45. Kf4 Re2 46. Rxb5
Rh2 47. Kg3 Re2 48. f4 Re1 49. Rb2 Re3+ 50. Kg4 f5+ 51. exf6+ Kxf6 52. Rb6+ Kg7
53. h5 gxh5+ 54. Kxh5 Rg3 55. Rb5 Kf6 56. Kh4 1/2-1/2

[Event "1. Bundesliga 2013/2014"]
[Site "Jenbach, Wolfsberg, St. Veit/Glan"]
[Date "2014.02.02"]
[Round "7"]
[Board "2"]
[White "Sadilek, Peter"]
[Black "Stevic, Hrvoje"]
[Result "0-1"]
[WhiteElo "2240"]
[BlackElo "2620"]
[PlyCount "50"]
[EventDate "2013.12.06"]
[EventType "team"]
[EventRounds "11"]
[EventCountry "AUT"]
[WhiteTeam "tschaturanga"]
[BlackTeam "SV Wolfsberg"]

1. d4 d5 2. c4 dxc4 3. e3 Nf6 4. Bxc4 e6 5. Nf3 a6 6. O-O b5 7. Bd3 Bb7 8. Nc3
Nbd7 9. Qe2 c5 10. Rd1 Qb8 11. b3 Bd6 12. h3 O-O 13. Bb2 cxd4 14. Nxd4 Nc5 15.
Bc2 b4 16. Na4 Nxa4 17. bxa4 Rc8 18. Bb3 Bh2+ 19. Kh1 Be5 20. Kg1 Nd5 21. Nf5
Nc3 22. Bxc3 Rxc3 23. Nd4 Bf6 24. Qg4 Rc5 25. e4 Qe5 0-1

[Event "1. Bundesliga 2013/2014"]
[Site "Jenbach, Wolfsberg, St. Veit/Glan"]
[Date "2014.02.02"]
[Round "7"]
[Board "3"]
[White "Jovanovic, Zoran"]
[Black "Wukits, Rene"]
[Result "1-0"]
[WhiteElo "2548"]
[BlackElo "2267"]
[PlyCount "79"]
[EventDate "2013.12.06"]
[EventType "team"]
[EventRounds "11"]
[EventCountry "AUT"]
[WhiteTeam "SV Wolfsberg"]
[BlackTeam "tschaturanga"]

1. e4 b6 2. d4 Bb7 3. Nc3 e6 4. Nf3 Bb4 5. Bd3 Nf6 6. Bg5 h6 7. Bxf6 Bxc3+ 8.
bxc3 Qxf6 9. O-O d6 10. Nd2 g5 11. a4 a5 12. Qe2 Nd7 13. Bb5 h5 14. Rab1 h4 15.
Rfd1 Qe7 16. Qc4 Qd8 17. e5 d5 18. Qe2 Qe7 19. Rb3 Kd8 20. Bd3 Nf8 21. c4 Bc6
22. cxd5 exd5 23. Bb5 Bb7 24. Nf1 Ne6 25. Qf3 Kc8 26. Ne3 Nf4 27. g3 hxg3 28.
fxg3 Nh3+ 29. Kg2 Kb8 30. Rf1 Qf8 31. Bd7 Qh6 32. Ng4 Qh7 33. Qf5 Qh5 34. Rh1
Ka7 35. Rf3 Bc8 36. Rc3 Kb7 37. Rb1 Rb8 38. Bxc8+ Rbxc8 39. Qd7 Rhd8 40. Rxb6+
 1-0

[Event "1. Bundesliga 2013/2014"]
[Site "Jenbach, Wolfsberg, St. Veit/Glan"]
[Date "2014.02.02"]
[Round "7"]
[Board "5"]
[White "Steflitsch, Erich"]
[Black "Leitner, Gerald"]
[Result "1/2-1/2"]
[WhiteElo "2355"]
[BlackElo "2199"]
[PlyCount "74"]
[EventDate "2013.12.06"]
[EventType "team"]
[EventRounds "11"]
[EventCountry "AUT"]
[WhiteTeam "SV Wolfsberg"]
[BlackTeam "tschaturanga"]

1. d4 f5 2. Bg5 c5 3. dxc5 Na6 4. Nc3 Nxc5 5. e3 d6 6. Bc4 Be6 7. Qe2 g6 8. Nf3
Bg7 9. Nd4 Bxc4 10. Qxc4 Rc8 11. O-O-O Qd7 12. Qe2 Nf6 13. h4 Nfe4 14. Nxe4
Nxe4 15. Bf4 O-O 16. f3 Nc5 17. Bg3 h6 18. Kb1 a6 19. Be1 b5 20. Rg1 Rb8 21. g4
f4 22. h5 e5 23. Nb3 Nxb3 24. axb3 g5 25. e4 b4 26. Qc4+ Kh8 27. Rd5 Rfc8 28.
Qd3 Rc6 29. Rg2 Qc7 30. Rd2 Bf8 31. Bf2 a5 32. Rb5 Rxb5 33. Qxb5 Be7 34. Qd5
Bf8 35. Qb5 Be7 36. Qd5 Bf8 37. Qb5 Be7 1/2-1/2

[Event "1. Bundesliga 2013/2014"]
[Site "Jenbach, Wolfsberg, St. Veit/Glan"]
[Date "2014.02.02"]
[Round "7"]
[Board "6"]
[White "Sepetavc, Walter"]
[Black "Hresc, Vladimir"]
[Result "0-1"]
[WhiteElo "1944"]
[BlackElo "2409"]
[PlyCount "100"]
[EventDate "2013.12.06"]
[EventType "team"]
[EventRounds "11"]
[EventCountry "AUT"]
[WhiteTeam "tschaturanga"]
[BlackTeam "SV Wolfsberg"]

1. e4 e5 2. Nc3 Nf6 3. g3 Bc5 4. Bg2 a6 5. Nge2 Nc6 6. O-O d6 7. h3 Be6 8. Nd5
Bxd5 9. exd5 Ne7 10. Nc3 Rb8 11. d3 h6 12. Kh2 c6 13. dxc6 bxc6 14. Na4 Ba7 15.
f4 Qc7 16. fxe5 dxe5 17. b3 Qd6 18. Nb2 Bd4 19. Nc4 Qe6 20. Rb1 Nfd5 21. Bd2
O-O 22. Qe1 Ng6 23. Ne3 f5 24. c4 Nde7 25. Nc2 Rfd8 26. Be3 Bxe3 27. Qxe3 Qd6
28. Rbd1 c5 29. Kh1 Kh8 30. Qf3 f4 31. gxf4 Nxf4 32. Ne3 Qd4 33. Qe4 Ne2 34.
Kh2 Nc3 35. Qxd4 exd4 36. Rc1 Nxa2 37. Ra1 Nb4 38. Ng4 Rf8 39. Ne5 Kg8 40. Be4
Rxf1 41. Rxf1 Rc8 42. Ra1 Rc7 43. Kg2 Nc8 44. Kg3 Nd6 45. Bg6 Kf8 46. h4 Ke7
47. h5 Ke6 48. Kf4 Rc8 49. Re1 Rf8+ 50. Kg4 Nc2 0-1

[Event "1. Bundesliga 2013/2014"]
[Site "Jenbach, Wolfsberg, St. Veit/Glan"]
[Date "2014.02.02"]
[Round "7"]
[Board "1"]
[White "Ragger, Markus"]
[Black "Kuljasevic, Davorin"]
[Result "1/2-1/2"]
[WhiteElo "2644"]
[BlackElo "2567"]
[PlyCount "83"]
[EventDate "2013.12.06"]
[EventType "team"]
[EventRounds "11"]
[EventCountry "AUT"]
[WhiteTeam "Schachclub MPOE Maria Saal I"]
[BlackTeam "SV Jacques Lemans St. Veit"]

1. d4 Nf6 2. c4 e6 3. Nf3 b6 4. g3 Bb7 5. Bg2 Bb4+ 6. Bd2 c5 7. O-O O-O 8. Bxb4
cxb4 9. Qd3 d6 10. Nbd2 Qc7 11. Rfd1 Re8 12. Ne1 Bxg2 13. Kxg2 e5 14. e4 Nc6
15. Nc2 a5 16. f3 Rad8 17. Rac1 Nd7 18. Nf1 f5 19. dxe5 Ndxe5 20. Qd5+ Kh8 21.
exf5 Ne7 22. Qe4 Qxc4 23. Nd4 Qxa2 24. Ne6 Rc8 25. Rxc8 Rxc8 26. Rxd6 Qxb2+ 27.
Rd2 Qc3 28. Ng5 N7c6 29. f6 g6 30. Qd5 Qc4 31. Qxc4 Nxc4 32. Rd7 N4e5 33. Rxh7+
Kg8 34. f7+ Nxf7 35. Rxf7 Ne5 36. Rb7 Rc2+ 37. Kh3 Nc4 38. g4 b3 39. Ne4 b2 40.
Rd7 b1=Q 41. Nf6+ Kf8 42. Nh7+ 1/2-1/2

[Event "1. Bundesliga 2013/2014"]
[Site "Jenbach, Wolfsberg, St. Veit/Glan"]
[Date "2014.02.02"]
[Round "7"]
[Board "3"]
[White "Buhmann, Rainer"]
[Black "Bosiocic, Marin"]
[Result "1/2-1/2"]
[WhiteElo "2580"]
[BlackElo "2554"]
[PlyCount "87"]
[EventDate "2013.12.06"]
[EventType "team"]
[EventRounds "11"]
[EventCountry "AUT"]
[WhiteTeam "Schachclub MPOE Maria Saal I"]
[BlackTeam "SV Jacques Lemans St. Veit"]

1. Nf3 c5 2. c4 Nc6 3. Nc3 e5 4. e3 Nf6 5. d4 e4 6. Ne5 g6 7. g4 h6 8. Bg2 Bg7
9. h4 cxd4 10. exd4 d5 11. g5 hxg5 12. hxg5 Rxh1+ 13. Bxh1 Nh5 14. cxd5 Nxe5
15. dxe5 Bxe5 16. Be3 Nf4 17. Qa4+ Kf8 18. O-O-O Bg4 19. Qxe4 Qxg5 20. Bf3 Bxf3
21. Qxf3 Qf5 22. Qe4 Qxe4 23. Nxe4 b6 24. Kc2 Rd8 25. Nc3 f5 26. a4 g5 27. Bxf4
Bxf4 28. Nb5 Ke8 29. Nxa7 Ra8 30. Rh1 Kd7 31. Rh6 Re8 32. Kd3 Re5 33. Rh7+ Ke8
34. Kc4 Re2 35. Nb5 Rc2+ 36. Kd3 Rd2+ 37. Kc4 Rc2+ 38. Kb3 Rxf2 39. d6 Kd8 40.
Kc4 g4 41. Kd5 Rxb2 42. Ke6 Rh2 43. Rg7 Rh6+ 44. Kxf5 1/2-1/2

[Event "1. Bundesliga 2013/2014"]
[Site "Jenbach, Wolfsberg, St. Veit/Glan"]
[Date "2014.02.02"]
[Round "7"]
[Board "4"]
[White "Rogic, Davor"]
[Black "Schachinger, Mario"]
[Result "1-0"]
[WhiteElo "2560"]
[BlackElo "2398"]
[PlyCount "77"]
[EventDate "2013.12.06"]
[EventType "team"]
[EventRounds "11"]
[EventCountry "AUT"]
[WhiteTeam "SV Jacques Lemans St. Veit"]
[BlackTeam "Schachclub MPOE Maria Saal I"]

1. e4 e5 2. Nf3 Nc6 3. Bb5 Nf6 4. d3 Bc5 5. c3 O-O 6. O-O d6 7. h3 Ne7 8. d4
Bb6 9. Re1 Ng6 10. Nbd2 c6 11. Bf1 Re8 12. Qc2 Bc7 13. dxe5 dxe5 14. a4 Nf4 15.
Kh2 g5 16. g3 Nxh3 17. Bxh3 g4 18. Nh4 gxh3 19. f3 Nh5 20. Nf1 Qf6 21. Be3 Bb6
22. Qf2 Kh8 23. a5 Bxe3 24. Nxe3 Rg8 25. Rg1 Be6 26. Rad1 Rad8 27. Nhf5 Bxf5
28. Nxf5 Ng7 29. Nh4 Nh5 30. Rxd8 Rxd8 31. Qxa7 Nf4 32. Qf2 Nd3 33. Qc2 Qg5 34.
Rd1 Ne1 35. Rxd8+ Qxd8 36. Qe2 Nd3 37. Qd2 c5 38. Nf5 c4 39. Qh6 1-0

[Event "1. Bundesliga 2013/2014"]
[Site "Jenbach, Wolfsberg, St. Veit/Glan"]
[Date "2014.02.02"]
[Round "7"]
[Board "5"]
[White "Kreisl, Robert"]
[Black "Mazi, Leon"]
[Result "1/2-1/2"]
[WhiteElo "2435"]
[BlackElo "2351"]
[PlyCount "58"]
[EventDate "2013.12.06"]
[EventType "team"]
[EventRounds "11"]
[EventCountry "AUT"]
[WhiteTeam "Schachclub MPOE Maria Saal I"]
[BlackTeam "SV Jacques Lemans St. Veit"]

1. Nf3 Nf6 2. c4 e6 3. g3 d5 4. d4 dxc4 5. Bg2 Nc6 6. O-O Rb8 7. Nc3 a6 8. Bg5
Be7 9. e4 O-O 10. Qe2 b5 11. Rad1 Nb4 12. e5 Nd7 13. Bxe7 Qxe7 14. a3 Nd3 15.
Ne1 Nxe1 16. Rfxe1 Bb7 17. Bxb7 Rxb7 18. Qg4 Rb6 19. Ne4 f5 20. exf6 Nxf6 21.
Qh4 Qe8 22. Nc5 Qf7 23. Rd2 Nd7 24. Ne4 h6 25. f4 Qf5 26. Qe7 Qf7 27. Qh4 Qf5
28. Qe7 Qf7 29. Qh4 Qf5 1/2-1/2

[Event "1. Bundesliga 2013/2014"]
[Site "Jenbach, Wolfsberg, St. Veit/Glan"]
[Date "2014.02.02"]
[Round "7"]
[Board "6"]
[White "Hebesberger, Thomas"]
[Black "Kaspret, Guido"]
[Result "1-0"]
[WhiteElo "2356"]
[BlackElo "2298"]
[PlyCount "61"]
[EventDate "2013.12.06"]
[EventType "team"]
[EventRounds "11"]
[EventCountry "AUT"]
[WhiteTeam "SV Jacques Lemans St. Veit"]
[BlackTeam "Schachclub MPOE Maria Saal I"]

1. d4 Nf6 2. Nf3 g6 3. Bg5 Bg7 4. Nbd2 d6 5. e4 h6 6. Bh4 Nh5 7. Bc4 g5 8. Bg3
g4 9. Nh4 Bxd4 10. Nf5 Bxf5 11. exf5 Nxg3 12. hxg3 Bxb2 13. Rb1 Be5 14. Qxg4 d5
15. Bd3 Nd7 16. Rxb7 Nc5 17. Rb1 Bc3 18. Qe2 Qd6 19. O-O Kf8 20. Rfd1 Re8 21.
Ne4 Nxe4 22. Bxe4 c6 23. Rb7 e6 24. fxe6 Qxe6 25. Qf3 Qf6 26. Bf5 Re7 27. Rdb1
Bd4 28. Rxe7 Kxe7 29. Rb7+ Kd8 30. c4 dxc4 31. Qe4 1-0

[Event "1. Bundesliga 2013/2014"]
[Site "Jenbach, Wolfsberg, St. Veit/Glan"]
[Date "2014.02.02"]
[Round "7"]
[Board "1"]
[White "Shengelia, David"]
[Black "Baramidze, David"]
[Result "1/2-1/2"]
[WhiteElo "2547"]
[BlackElo "2610"]
[PlyCount "61"]
[EventDate "2013.12.06"]
[EventType "team"]
[EventRounds "11"]
[EventCountry "AUT"]
[WhiteTeam "SK Advisory Invest Baden"]
[BlackTeam "SK Hohenems"]

1. d4 d5 2. c4 c6 3. Nf3 Nf6 4. cxd5 cxd5 5. Nc3 Nc6 6. Bf4 a6 7. e3 Bf5 8. Bd3
Bxd3 9. Qxd3 e6 10. O-O Bd6 11. Bxd6 Qxd6 12. a3 O-O 13. Rfc1 Rfc8 14. Na4 Nd7
15. Nc5 Nxc5 16. Rxc5 b6 17. Rc3 Ne7 18. Rac1 Rxc3 19. Qxc3 Qd8 20. Qc7 Qxc7
21. Rxc7 Rc8 22. Rxc8+ Nxc8 23. Nd2 Kf8 24. Kf1 Ke7 25. Ke2 Nd6 26. Kd3 f6 27.
f3 Kd7 28. b3 Kc6 29. Nb1 h5 30. Nc3 Nb5 31. Nxb5 1/2-1/2

[Event "1. Bundesliga 2013/2014"]
[Site "Jenbach, Wolfsberg, St. Veit/Glan"]
[Date "2014.02.02"]
[Round "7"]
[Board "2"]
[White "Rozentalis, Eduardas"]
[Black "Poetsch, Hagen"]
[Result "1/2-1/2"]
[WhiteElo "2623"]
[BlackElo "2479"]
[PlyCount "65"]
[EventDate "2013.12.06"]
[EventType "team"]
[EventRounds "11"]
[EventCountry "AUT"]
[WhiteTeam "SK Hohenems"]
[BlackTeam "SK Advisory Invest Baden"]

1. e4 e6 2. d4 d5 3. Nd2 c5 4. exd5 Qxd5 5. dxc5 Bxc5 6. Ngf3 Nf6 7. Bc4 Qc6 8.
O-O O-O 9. Qe2 a6 10. Bd3 Nbd7 11. Ne4 Nxe4 12. Bxe4 Qc7 13. Bg5 f5 14. Bd3 e5
15. Bc4+ Kh8 16. Rad1 e4 17. Nh4 Ne5 18. Bf4 Be7 19. Bxe5 Qxe5 20. Qh5 Qf6 21.
g3 g6 22. Qe2 Qxb2 23. Ng2 b5 24. Bb3 Qe5 25. Nf4 g5 26. Nd5 Bc5 27. Qh5 e3 28.
Nxe3 Bxe3 29. fxe3 Qxe3+ 30. Rf2 Bb7 31. Rd7 Qe1+ 32. Rf1 Qe3+ 33. Rf2 1/2-1/2

[Event "1. Bundesliga 2013/2014"]
[Site "Jenbach, Wolfsberg, St. Veit/Glan"]
[Date "2014.02.02"]
[Round "7"]
[Board "3"]
[White "Tuncer, Ufuk"]
[Black "Bindrich, Falko"]
[Result "0-1"]
[WhiteElo "2345"]
[BlackElo "2591"]
[PlyCount "100"]
[EventDate "2013.12.06"]
[EventType "team"]
[EventRounds "11"]
[EventCountry "AUT"]
[WhiteTeam "SK Advisory Invest Baden"]
[BlackTeam "SK Hohenems"]

1. e4 e5 2. Nf3 Nc6 3. Bc4 Bc5 4. c3 Nf6 5. d4 exd4 6. cxd4 Bb4+ 7. Bd2 Nxe4 8.
Bxb4 Nxb4 9. Bxf7+ Kxf7 10. Qb3+ Kf8 11. Qxb4+ Qe7 12. Qxe7+ Kxe7 13. Nbd2 Nf6
14. Rc1 Kd8 15. O-O Re8 16. Rfe1 d6 17. Rxe8+ Nxe8 18. Re1 h6 19. h3 a5 20. Ne4
Bd7 21. Ng3 Ra6 22. Rc1 Be6 23. a3 Rb6 24. Rc2 Bb3 25. Rd2 Rc6 26. Ne2 Nf6 27.
Nc3 Kd7 28. Ne1 b5 29. f3 b4 30. axb4 axb4 31. Ne4 Nd5 32. Kf2 Ke7 33. h4 Kf8
34. g3 Rc1 35. Ng2 Rb1 36. Ne1 Bc4 37. Rc2 Bb3 38. Rd2 Ba4 39. Nd3 Bb5 40. Nf4
Rf1+ 41. Kg2 Ne3+ 42. Kh2 Rxf3 43. Rf2 Rxf2+ 44. Nxf2 Kf7 45. g4 Bc4 46. Kg3
Nc2 47. N4d3 b3 48. Kf4 Nxd4 49. Ke3 Ne6 50. Nc1 Nc5 0-1